| 000 | 00356nam a22001457a 4500 | ||
|---|---|---|---|
| 020 | _a9789332508255 | ||
| 082 |
_a690. _bMCK/BU |
||
| 100 |
_aMckay, J.M. _91111 |
||
| 245 | _aBuilding onstruction - Volume -4- Metric Edition | ||
| 250 | _a4 th | ||
| 260 |
_aChennai _bPearson _c2013 |
||
| 300 | _a276 | ||
| 500 | _awith drawings by the author | ||
| 942 | _cBK | ||
| 999 |
_c14633 _d14633 |
||